000 00527nam a2200181Ia 4500
999 _c20648
_d20648
003 OSt
005 20200708141225.0
008 190216s9999||||xx |||||||||||||| ||und||
020 _a8120717244
040 _coclc
082 _a907.2
_bMUR/H
100 _aMurty, K Satya
_93673
245 0 _aHandbook Of Research Methodology In History /
_cK Satya Murty
260 _bSterling Publications,
_c1997.
_aNew Delhi:
300 _a142p
650 _aHistory
942 _cBK
_2ddc
_h907.2
_iMUR/H
_k907.2
_mMUR/H